[Event "Antalya op"]
[Site "Antalya"]
[Date "2011.01.15"]
[Round "6"]
[White "Kose, Mehmet"]
[Black "Kutlu, Turgut Can"]
[Result "0-1"]
[WhiteElo "1416"]
[BlackElo "1662"]
[PlyCount "92"]
[EventDate "2011.01.08"]
[EventType "swiss"]
[EventRounds "9"]
[EventCountry "TUR"]
[SourceTitle "EXT 2012"]
[Source "ChessBase"]
[SourceDate "2011.11.24"]
[SourceVersion "1"]
[SourceVersionDate "2011.11.24"]
[SourceQuality "1"]

1. d4 Nf6 2. c4 g6 3. Nc3 Bg7 4. Nf3 d6 5. e3 0-0 6. Bd3 Nc6 7. 0-0 Re8 8. a3 e5 9. dxe5 dxe5 10. e4 Bg4 11. h3 Bxf3 12. Qxf3 Nd4 13. Qd1 c6 14. Re1 Qc7 15. Be3 Rad8 16. Bxd4 exd4 17. Nb1 Nh5 18. Nd2 Nf4 19. Nf3 h6 20. Qd2 g5 21. Rac1 Qd7 22. h4 Qg4 23. Bf1 gxh4 24. Nh2 Qg5 25. Nf3 Nh3+ 26. Kh2 Qxd2 27. Nxd2 Nxf2 28. Kg1 Ng4 29. Be2 Ne5 30. Nf3 d3 31. Rcd1 dxe2 32. Rxd8 Nxf3+ 33. gxf3 Rxd8 34. Rxe2 Rd1+ 35. Kg2 Rb1 36. Kh3 Rxb2 37. Rxb2 Bxb2 38. a4 Bf6 39. f4 h5 40. e5 Be7 41. f5 Bg5 42. f6 Bf4 43. e6 fxe6 44. Kxh4 Kf7 45. Kxh5 Kxf6 46. Kg4 Ke5 0-1

[Event "Antalya op"]
[Site "Antalya"]
[Date "2011.01.08"]
[Round "2"]
[White "Kose, Mehmet"]
[Black "Sari, Yasin"]
[Result "0-1"]
[WhiteElo "1416"]
[BlackElo "1792"]
[PlyCount "108"]
[EventDate "2011.01.08"]
[EventType "swiss"]
[EventRounds "9"]
[EventCountry "TUR"]
[SourceTitle "EXT 2012"]
[Source "ChessBase"]
[SourceDate "2011.11.24"]
[SourceVersion "1"]
[SourceVersionDate "2011.11.24"]
[SourceQuality "1"]

1. d4 Nf6 2. Nf3 g6 3. c4 c5 4. Bg5 Bg7 5. e3 0-0 6. Nc3 d6 7. Bd3 Qb6 8. Rb1 Bg4 9. h3 Bxf3 10. Qxf3 cxd4 11. Bxf6 exf6 12. Nd5 Qd8 13. exd4 Re8+ 14. Be2 Nc6 15. Qd3 f5 16. 0-0 Nxd4 17. Bf3 Rc8 18. b3 Qa5 19. a4 Nc6 20. Ne3 Ne5 21. Qd5 Nxf3+ 22. Qxf3 Re4 23. Nd5 Rce8 24. b4 Qxa4 25. Nc3 Bxc3 26. Qxc3 Qc6 27. Rbc1 Rc8 28. c5 dxc5 29. bxc5 b6 30. Qa3 bxc5 31. Qxa7 c4 32. f3 Re2 33. Rf2 Rxf2 34. Kxf2 Qc5+ 35. Qxc5 Rxc5 36. f4 c3 37. Ke3 Kg7 38. Kd4 Rc7 39. Rxc3 Rxc3 40. Kxc3 Kf6 41. Kd3 Ke6 42. Ke3 Kd5 43. g4 fxg4 44. hxg4 h6 45. Kd3 f5 46. gxf5 gxf5 47. Ke3 h5 48. Kd3 h4 49. Ke3 h3 50. Kf3 h2 51. Kg2 Ke4 52. Kxh2 Kxf4 53. Kg2 Ke3 54. Kf1 Kf3 0-1